Colección de discursos forenses (Record no. 165271)

MARC details
000 -LEADER
campo de control de longitud fija 00825nam a2200181 i 4500
001 - NÚMERO DE CONTROL
campo de control 165271
003 - IDENTIFICADOR DE NÚMERO DE CONTROL
campo de control ES-MaACL
005 - FECHA Y HORA DE LA ÚLTIMA TRANSACCIÓN
campo de control 20230906213112.0
008 - DATOS DE LONGITUD FIJA--INFORMACIÓN GENERAL
campo de control de longitud fija 960320s1828 sp |||| | spa d
100 1# - ENTRADA PRINCIPAL--NOMBRE DE PERSONA
Nombre de persona Servan, Joseph Michel Antoine.
9 (RLIN) 132685
245 10 - MENCIÓN DEL TÍTULO
Título Colección de discursos forenses
Resto del título : sobre la legislación y administración de la justicia en general ... /
Mención de responsabilidad, etc. sacados de las obras escogidas del célebre Mr. Servan ... ; traducidos de la segunda edición francesa y arreglados a nuestras costumbres por D.J.M. de S.M.
260 ## - PUBLICACIÓN, DISTRIBUCIÓN, ETC.
Lugar de publicación, distribución, etc. Madrid :
Nombre del editor, distribuidor, etc. Lib. de Cuesta,
Fecha de publicación, distribución, etc. 1828 (
Fabricante Imp. de D.M. de Burgos)
300 ## - DESCRIPCIÓN FÍSICA
Extensión XXIV, 355, [4] p. ;
Dimensiones 16 cm.
597 ## - NOTA DE DESCRIPCIÓN FÍSICA
NOTA DE DESCRIPCIÓN FÍSICA Signaturizado.
650 #4 - PUNTO DE ACCESO ADICIONAL DE MATERIA--TÉRMINO DE MATERIA
Término de materia o nombre geográfico como elemento de entrada Delitos.
9 (RLIN) 166054
752 ## - ENTRADA AGREGADA--NOMBRE JERÁRQUICO DEL LUGAR
País o entidad superior España -
Ciudad Madrid
852 ## - LOCALIZACIÓN
Ubicación ES-MaACL
Número de control de estantería D-3873
Nota libre - Enc. pasta española, conservando cub. original
Holdings
Estatus retirado Estado de pérdida Estado de daño No para préstamo Colección Biblioteca de origen Biblioteca actual Ubicación en estantería Fecha de adquisición Fuente de adquisición Total de préstamos Signatura topográfica completa Código de barras Visto por última vez Precio de reemplazo Tipo de ítem Koha
        Libros del s. XIX Biblioteca del Ateneo de Madrid Biblioteca del Ateneo de Madrid Sala Valle Inclán 17/01/2008     D-3873 901173305 23/02/2023 23/02/2023 Libro impreso antiguo